000 00273nam a2200109Ia 4500
008 190919s9999||||xx |||||||||||||| ||und||
100 _aFrank S Pepper
245 0 _aContemporary Biographical Quotations
260 _aNew york
_bPrentice
_c2006
300 _a267
942 _cBK
999 _c10511
_d10511